000 00424nam a22001455i 4500
001 171812
003 ES-MaACL
005 20230906214734.0
008 090602s1919 sp |||| | spa d
100 1 _aSolís Latorre, Isidro.
_9140429
245 1 0 _aOfertorio sentimental /
_cIsidro Solís Latorre.
260 _aMadrid :
_b[s.n.],
_c1919 (
_fTall. El Imparcial)
300 _a126 p. ;
_c20 cm.
852 _aES-MaACL
_jF-7664
999 _c171812
_d171812